|
|
|
|
| LEADER |
00000nam a22000007a 4500 |
| 008 |
160829b2009 cr a|||| |||| 00| | spa d |
| 020 |
|
|
|a 9789292481605
|
| 090 |
|
|
|a 14.04.02
|b 2369
|
| 100 |
|
|
|a Díaz Soucy, María Cecilia
|9 1944
|
| 245 |
1 |
0 |
|a Develando experiencias: otra mirada hacia la sistematización /
|c Cecilia Díaz, Carlos J. Jara, Anne M. Robert
|
| 260 |
|
|
|a San José, Costa Rica
|b IICA,
|c 2009
|
| 300 |
|
|
|a 117 páginas
|
| 650 |
1 |
4 |
|9 1236
|a DESARROLLO RURAL
|
| 650 |
1 |
4 |
|9 285
|a METODOLOGÍA
|
| 700 |
1 |
|
|9 1902
|a Jara, Carlos J.
|
| 700 |
1 |
|
|9 1945
|a Robert, Anne M.
|
| 942 |
|
|
|i 004221
|h 14.04.02 2369
|2 z
|c 01
|
| 999 |
|
|
|c 3306
|d 3306
|